[Event "14 Open A"]
[Site "Wien"]
[Date "2003.08.22"]
[Round "7"]
[White "Karjakin, Sergey"]
[Black "Stanec, Nikolaus"]
[Result "1/2-1/2"]
[WhiteElo "2560"]
[BlackElo "2560"]
[PlyCount "121"]
[EventDate "2003.08.16"]
[Source "Roberto Alvarez"]
[SourceDate "2003.09.01"]

1. e4 c6 2. d4 d5 3. Nc3 g6 4. e5 h5 5. Bd3 Nh6 6. Nce2 c5 7. Nf4 e6 8. c3 cxd4 9. cxd4 Nc6 10. Nf3 Nf5 11. O-O Be7 12. Bxf5 gxf5 13. Be3 Bd7 14. Qe2 h4 15. Rfc1 Qb6 16. Rab1 a5 17. Nd3 Qb5 18. Nf4 Qxe2 19. Nxe2 a4 20. Bg5 Bxg5 21. Nxg5 Ke7 22. h3 Na5 23. Nf4 Nc4 24. Nf3 Bc6 25. Nd3 Ra5 26. Kf1 Rb5 27. Ke1 Rb6 28. Rc3 Rb5 29. Kd1 Rb6 30. Kc2 Rb5 31. Rc1 Rb6 32. Kb1 Rb5 33. R1c2 Rb6 34. Kc1 Rb5 35. Nd2 Nxd2 36. Rxd2 Rg8 37. Ne1 Rb4 38. a3 Rc4 39. Rxc4 dxc4 40. f3 f6 41. Nc2 b5 42. Nb4 Bb7 43. Kc2 Rg3 44. Kc3 Be4 45. Rf2 f4 46. Na6 fxe5 47. dxe5 Bc6 48. Nb4 Bd7 49. Kd4 Rg8 50. Rd2 Rc8 51. Na2 Be8 52. Kc3 Rc5 53. Re2 Rd5 54. Kb4 Rd8 55. Nc3 Bc6 56. Kc5 Be8 57. Re4 Rd2 58. Re2 Rd8 59. Kb4 Bc6 60. Rc2 Kf7 61. Re2 1/2-1/2

[Event "XI Festival"]
[Site "Voronezh RUS"]
[Date "2007.06.19"]
[Round "7"]
[White "Tarlev, K."]
[Black "Burmakin, V."]
[Result "1-0"]
[WhiteElo "2468"]
[BlackElo "2593"]
[PlyCount "91"]
[EventDate "2007.06.12"]
[Source "www.chesslib.no"]
[SourceDate "2004.05.04"]

1. e4 c6 2. d4 d5 3. Nc3 g6 4. Nf3 Bg7 5. Bf4 dxe4 6. Nxe4 Nd7 7. Qe2 Ndf6 8. Nd6+ Kf8 9. Nxc8 Rxc8 10. O-O-O Bh6 11. Bxh6+ Nxh6 12. Ne5 Kg7 13. g4 Ne8 14. h4 e6 15. f4 f6 16. g5 Nf5 17. Rh3 fxe5 18. Qxe5+ Kg8 19. Qxe6+ Kf8 20. h5 Nfg7 21. Qe5 gxh5 22. Rxh5 Qd5 23. Rh6 Rc7 24. Bd3 Qxe5 25. fxe5 Rf7 26. g6 Rf4 27. Rxh7 Rg8 28. Bc4 Nc7 29. Bxg8 Kxg8 30. Rdh1 Kf8 31. Rxg7 Kxg7 32. Rh7+ Kxg6 33. Rxc7 Rxd4 34. Rxb7 Ra4 35. a3 Kf5 36. Rc7 Ra6 37. Re7 Ke4 38. Kd2 Kd4 39. c3+ Ke4 40. Kc2 c5 41. Rc7 Kd5 42. e6 Rxe6 43. Rxa7 Re2+ 44. Kb3 c4+ 45. Ka2 Rg2 46. a4 1-0

[Event "USA-72ch"]
[Site "Ventura"]
[Date "1971.??.??"]
[Round "11"]
[White "Browne, Walter S"]
[Black "Benko, Pal C"]
[Result "1/2-1/2"]
[WhiteElo "2510"]
[BlackElo "2550"]
[PlyCount "42"]
[EventDate "1971.??.??"]
[Source "www.chesslib.no"]
[SourceDate "2004.05.04"]

1. e4 c6 2. d4 d5 3. Nc3 g6 4. h3 Bg7 5. Nf3 dxe4 6. Nxe4 Nd7 7. Bc4 Ngf6 8. Nxf6+ Nxf6 9. O-O O-O 10. Re1 Bf5 11. Bf4 Be4 12. Be5 Bxf3 13. Qxf3 e6 14. Bb3 a5 15. a3 Nd7 16. Bxg7 Kxg7 17. c4 Qf6 18. Qe3 c5 19. Rad1 cxd4 20. Rxd4 Nc5 21. Bc2 a4 1/2-1/2

[Event "19th Bad Wörishofen"]
[Site "Bad Wörishofen"]
[Date "2003.??.??"]
[Round "8"]
[White "Korneev, Oleg"]
[Black "Prie, Eric"]
[Result "1-0"]
[WhiteElo "2613"]
[BlackElo "2446"]
[PlyCount "75"]
[EventDate "2003.03.13"]
[Source "Roberto Alvarez"]
[SourceDate "2003.03.17"]

1. e4 c6 2. d4 d5 3. Nc3 g6 4. e5 f6 5. f4 Nh6 6. Nf3 Bg7 7. Be3 Qb6 8. Na4 Qa5+ 9. c3 Nd7 10. b4 Qc7 11. h3 b5 12. Nc5 Nxc5 13. bxc5 Rb8 14. g4 Nf7 15. Bd3 O-O 16. O-O Bh6 17. Qd2 f5 18. g5 Bg7 19. Rf2 Nh8 20. h4 Kf7 21. h5 Rg8 22. a4 a6 23. Rh2 e6 24. Kf2 Bd7 25. Rhh1 Be8 26. axb5 axb5 27. Ra6 Ke7 28. h6 Bf8 29. Rha1 Nf7 30. Ra7 Rb7 31. Ra8 Nd8 32. Ne1 Rb8 33. Nc2 Rxa8 34. Rxa8 Bd7 35. Nb4 Bc8 36. Qa2 Bb7 37. Qa7 Kf7 38. Rxd8 1-0

[Event "Manhattan March Int"]
[Site "New York"]
[Date "1999.03.11"]
[Round "6"]
[White "Timoshenko, Georgy"]
[Black "Negulescu, Adrian"]
[Result "1-0"]
[WhiteElo "2592"]
[BlackElo "2452"]
[PlyCount "125"]
[EventDate "1999.03.05"]
[Source "ChessBase"]
[SourceDate "1999.06.08"]

1. e4 c6 2. d4 d5 3. Nc3 g6 4. Nf3 Bg7 5. h3 dxe4 6. Nxe4 Nd7 7. Bd3 Ngf6 8. Nxf6+ Nxf6 9. O-O O-O 10. Re1 Re8 11. c3 Qc7 12. Ne5 Nd7 13. Bf4 Nxe5 14. Bxe5 Bxe5 15. Rxe5 Be6 16. h4 Rad8 17. h5 Rd5 18. hxg6 Rxe5 19. gxf7+ Bxf7 20. Qg4+ Kh8 21. Qg3 Re1+ 22. Rxe1 Qxg3 23. fxg3 Kg7 24. a3 Bg6 25. Bc4 Bf7 26. Bd3 Bg6 27. Bc4 Bf7 28. Bxf7 Kxf7 29. Re5 Rg8 30. Rh5 Kg6 31. Rh4 Re8 32. Re4 Kf5 33. Re5+ Kf6 34. Kf2 Rg8 35. Kf3 e6 36. Rh5 Kg6 37. Rh4 Rd8 38. Re4 Kf6 39. Re5 Rf8 40. g4 Ke7+ 41. Kg3 Rf7 42. Ra5 a6 43. Rh5 Kd6 44. a4 b6 45. a5 c5 46. axb6 cxd4 47. cxd4 Rb7 48. g5 a5 49. Kf4 Rxb6 50. Rxh7 Rxb2 51. g4 Rf2+ 52. Ke4 Rg2 53. Kf3 Rg1 54. g6 Rf1+ 55. Ke4 Rf6 56. Rg7 a4 57. Rg8 Ke7 58. Ke5 Rf1 59. Rg7+ Kf8 60. Ra7 Re1+ 61. Kf6 Rf1+ 62. Kg5 Kg8 63. Rxa4 1-0

[Event "IX Open"]
[Site "Dubai EAU"]
[Date "2007.04.30"]
[Round "9"]
[White "Gopal, G N."]
[Black "Minasian, Artashes"]
[Result "1/2-1/2"]
[WhiteElo "2455"]
[BlackElo "2586"]
[PlyCount "238"]
[EventDate "2007.04.22"]
[Source "www.chesslib.no"]
[SourceDate "2004.05.04"]

1. e4 c6 2. d4 d5 3. Nc3 g6 4. h3 Bg7 5. Nf3 Nf6 6. e5 Nfd7 7. Ne2 c5 8. c3 cxd4 9. cxd4 Nf8 10. Nf4 Ne6 11. Bb5+ Nc6 12. Nxe6 Bxe6 13. Bxc6+ bxc6 14. O-O O-O 15. Be3 Qb6 16. b3 a5 17. Rc1 Bd7 18. Ne1 Bc8 19. Nd3 Ba6 20. a4 Rfb8 21. Rc3 e6 22. Re1 Bxd3 23. Qxd3 Qb7 24. Rec1 Ra6 25. h4 Rb6 26. h5 Bf8 27. Bg5 Bb4 28. R3c2 Bf8 29. Rc3 Bb4 30. R3c2 Ba3 31. Rb1 Be7 32. Qd2 Rb4 33. Rbc1 Rxd4 34. Qxd4 Bxg5 35. Rb1 Be7 36. Rbc1 c5 37. Rxc5 Bxc5 38. Qxc5 Qxb3 39. Qxa5 Kg7 40. Qc7 Qb2 41. Rc3 Rb7 42. Qc8 Qb1+ 43. Kh2 Qb4 44. h6+ Kxh6 45. Rh3+ Kg7 46. Qc1 f5 47. exf6+ Kxf6 48. Rf3+ Kg7 49. Qg5 Qd6+ 50. g3 e5 51. a5 e4 52. Rf4 Re7 53. Rf5 Rd7 54. Rf4 h5 55. a6 Qe7 56. Rf5 Qxg5 57. Rxg5 Kf6 58. a7 Rxa7 59. Rxd5 Ra2 60. Kg1 g5 61. Rb5 Rc2 62. Ra5 Rc6 63. Kg2 Re6 64. f4 exf3+ 65. Kxf3 Rb6 66. Rc5 Rb3+ 67. Kf2 Rb2+ 68. Kf1 Rd2 69. Ra5 Rb2 70. Rc5 Rb6 71. Kf2 Re6 72. Ra5 Re5 73. Ra4 Rb5 74. Rc4 Rb2+ 75. Kf1 Rd2 76. Ra4 Ke5 77. Kg1 Re2 78. Kf1 Rd2 79. Kg1 Rb2 80. Ra5+ Kf6 81. Kf1 Rb6 82. Kf2 Re6 83. Kg2 Re5 84. Ra4 Rb5 85. Rc4 Rb2+ 86. Kf1 Rd2 87. Ra4 Ke5 88. Kg1 Rb2 89. Ra5+ Kf6 90. Kf1 Kg6 91. Rc5 g4 92. Ra5 Rb3 93. Kg2 Rf3 94. Rb5 Rf5 95. Rb6+ Kg5 96. Ra6 Rd5 97. Kf2 Kf5 98. Ra4 Ke5 99. Rf4 Rd2+ 100. Kg1 Rd4 101. Rf8 Ke4 102. Rf4+ Ke3 103. Rf8 Rd5 104. Kg2 Re5 105. Rf4 Kd2 106. Rd4+ Ke1 107. Rf4 Ke2 108. Rf2+ Kd3 109. Rf4 Ra5 110. Kf2 Ra2+ 111. Kg1 Ke3 112. Rf5 Rb2 113. Rxh5 Kf3 114. Rf5+ Kxg3 115. Rf1 Rg2+ 116. Kh1 Rf2 117. Ra1 Re2 118. Kg1 Re3 119. Rb1 Rf3 1/2-1/2

[Event "Portoroz op"]
[Site "Portoroz"]
[Date "1996.??.??"]
[Round "?"]
[White "Palac, Mladen"]
[Black "Bezold, Michael"]
[Result "0-1"]
[WhiteElo "2545"]
[BlackElo "2485"]
[PlyCount "124"]
[EventDate "1996.03.??"]
[Source "ChessBase"]

1. e4 c6 2. d4 d5 3. Nc3 g6 4. e5 Bg7 5. f4 h5 6. Be3 Nh6 7. Nf3 Bg4 8. h3 Nf5 9. Bf2 Bxf3 10. Qxf3 h4 11. Bd3 e6 12. O-O Bf8 13. Ne2 Na6 14. Bxa6 bxa6 15. Qd3 Qb6 16. c4 Be7 17. Rfc1 Rb8 18. Rab1 O-O 19. Nc3 Rfd8 20. c5 Qb4 21. b3 Qa3 22. Rc2 Rb4 23. Ne2 Rdb8 24. Rd1 Kf8 25. Be1 Ke8 26. Bxb4 Rxb4 27. Qc3 Kd7 28. Rd3 Rb8 29. Rb2 Rb4 30. Qd2 g5 31. Nc3 Rxd4 32. Rxd4 Nxd4 33. Kh2 Bxc5 34. Na4 Qb4 35. a3 Qb5 36. Qd3 Bb6 37. Nxb6+ Qxb6 38. Qh7 gxf4 39. Qxf7+ Kc8 40. Qxf4 Nf5 41. Rc2 Kd7 42. b4 Qb5 43. Qf3 Qb6 44. Rc5 Qb8 45. Qc3 Ng3 46. Qd4 Nf5 47. Qf4 Kc7 48. Kg1 Kb7 49. a4 Qd8 50. Kf2 Qb6 51. Ke2 a5 52. Rxa5 Qg1 53. Qf2 Nd4+ 54. Ke3 Nc2+ 55. Ke2 Qxf2+ 56. Kxf2 Nxb4 57. g4 hxg3+ 58. Kxg3 Kb6 59. h4 Nd3 60. Rxa7 Kxa7 61. h5 Nxe5 62. h6 Nf7 0-1

[Event "IV Open Vila de Sort"]
[Site "Sort SPA"]
[Date "2008.06.25"]
[Round "2"]
[White "Langrock, Hannes"]
[Black "Burmakin, Vladimir"]
[Result "0-1"]
[WhiteElo "2395"]
[BlackElo "2615"]
[PlyCount "108"]
[EventDate "2008.06.24"]
[Source "www.chesslib.no"]
[SourceDate "2004.05.04"]

1. e4 c6 2. d4 d5 3. Nc3 g6 4. h3 Bg7 5. Nf3 dxe4 6. Nxe4 Nd7 7. Bd3 Ngf6 8. Qe2 Nxe4 9. Qxe4 Nf6 10. Qh4 h6 11. Bd2 Qd6 12. Qf4 Qxf4 13. Bxf4 Bf5 14. Bxf5 gxf5 15. Be5 Rg8 16. Ke2 Nd5 17. Bxg7 Rxg7 18. g3 O-O-O 19. c4 Nf6 20. Rhd1 e6 21. Rd3 Ne4 22. Rad1 f6 23. d5 cxd5 24. cxd5 e5 25. Nh4 Nd6 26. Rf3 Rg5 27. a4 a6 28. Rc1+ Kb8 29. Rfc3 Rd7 30. Rf3 Rh5 31. Rfc3 f4 32. Kf3 fxg3 33. fxg3 e4+ 34. Kf4 Rxd5 35. g4 Re7 36. Re1 h5 37. Rce3 hxg4 38. hxg4 Rg7 39. Nf5 Nxf5 40. gxf5 Rg5 41. Rxe4 Rgxf5+ 42. Ke3 Rh5 43. Rg1 Rh3+ 44. Kf4 Rh2 45. b4 f5 46. Re8+ Ka7 47. Rb1 Rh4+ 48. Ke3 Rdd4 49. b5 Rhe4+ 50. Rxe4 Rxe4+ 51. Kf3 a5 52. Ra1 Kb6 53. Ra2 Kc5 54. Ra1 Kb4 0-1

[Event "TCh-CZE Extraliga 2003-4"]
[Site "Czech Rep"]
[Date "2004.03.20"]
[Round "8"]
[White "Oral, Tomas"]
[Black "Neuman, Petr"]
[Result "1/2-1/2"]
[WhiteElo "2553"]
[BlackElo "2445"]
[PlyCount "90"]
[EventDate "2004.01.08"]
[Source "Roberto Alvarez"]
[SourceDate "2004.04.05"]

1. e4 c6 2. d4 d5 3. Nc3 g6 4. Nf3 Bg7 5. Bf4 dxe4 6. Nxe4 Nf6 7. Nxf6+ exf6 8. Bc4 Qe7+ 9. Qe2 Qxe2+ 10. Kxe2 Be6 11. Bb3 O-O 12. Rhe1 Re8 13. Kf1 Nd7 14. Re2 Bxb3 15. Rxe8+ Rxe8 16. axb3 a6 17. Nd2 Nb6 18. Nc4 Nd5 19. Bd2 f5 20. c3 Rd8 21. Na5 Rd7 22. Re1 Kf8 23. b4 h6 24. Nb3 g5 25. Nc5 Rc7 26. h4 Bf6 27. Ke2 Ne7 28. Kd3 Nc8 29. hxg5 hxg5 30. g4 f4 31. Ne4 Be7 32. c4 f6 33. Bc3 Rd7 34. f3 Kf7 35. Rh1 Rd8 36. Rh7+ Kg6 37. Rh2 Nb6 38. Re2 Kf7 39. Rh2 Kg6 40. Re2 Kf7 41. Nc5 Bxc5 42. bxc5 Nd7 43. Kc2 Rh8 44. Kd3 Rd8 45. Kc2 Rh8 1/2-1/2

[Event "Trnava"]
[Site "Trnava"]
[Date "1983.??.??"]
[Round "?"]
[White "Vogt, Lothar"]
[Black "Lechtynsky, Jiri"]
[Result "1/2-1/2"]
[WhiteElo "2510"]
[BlackElo "2480"]
[PlyCount "81"]
[EventDate "1983.03.??"]
[Source "ChessBase"]

1. e4 c6 2. d4 d5 3. Nc3 g6 4. Nf3 dxe4 5. Nxe4 Bf5 6. Bd3 Bxe4 7. Bxe4 Nf6 8. Bd3 Bg7 9. O-O O-O 10. Re1 Nbd7 11. c3 e6 12. Bg5 c5 13. Qe2 Qc7 14. Rad1 cxd4 15. Nxd4 a6 16. Nf3 Rfe8 17. Bc2 Rac8 18. Qd2 Nd5 19. Bb3 N7b6 20. Qd3 Rf8 21. Nd2 h6 22. Bh4 Qc6 23. Qf3 Nf6 24. Qxc6 Rxc6 25. Ne4 Nxe4 26. Rxe4 Rfc8 27. f3 Nc4 28. Rxc4 Rxc4 29. Bxc4 Rxc4 30. Rd8+ Kh7 31. Bg3 b5 32. a3 Rc5 33. Kf2 Rd5 34. Rxd5 exd5 35. Ke3 g5 36. Bd6 Kg6 37. Bc5 Kf5 38. Bd4 Bf8 39. h3 Ke6 40. g4 f5 41. Kd3 1/2-1/2

[Event "Christmas Open"]
[Site "Zurich"]
[Date "2003.12.28"]
[Round "4"]
[White "Lekic, Dusan"]
[Black "Burmakin, Vladimir"]
[Result "0-1"]
[WhiteElo "2400"]
[BlackElo "2590"]
[PlyCount "36"]
[EventDate "2003.12.26"]
[Source "Roberto Alvarez"]
[SourceDate "2004.01.05"]

1. e4 c6 2. d4 d5 3. Nc3 g6 4. h3 Bg7 5. Nf3 dxe4 6. Nxe4 Nd7 7. Bd3 Ngf6 8. c3 Nxe4 9. Bxe4 O-O 10. Be3 Qc7 11. Qd2 f5 12. Bc2 f4 13. Bb3+ e6 14. Ng5 fxe3 15. Qxe3 Nf6 16. Bxe6+ Kh8 17. Bxc8 Qxc8 18. O-O Qf5 0-1

[Event "October Revolution 60"]
[Site "Leningrad"]
[Date "1977.06.25"]
[Round "1"]
[White "Radulov, Ivan"]
[Black "Garcia Gonzales, Guillermo"]
[Result "1/2-1/2"]
[WhiteElo "2500"]
[BlackElo "2485"]
[PlyCount "300"]
[EventDate "1977.06.25"]
[Source "ChessBase"]

1. e4 c6 2. d4 d5 3. Nc3 g6 4. e5 Bg7 5. f4 h5 6. Nf3 Nh6 7. Be3 Bg4 8. Be2 Nf5 9. Bf2 e6 10. Qd2 Nd7 11. g3 Nb6 12. b3 Bf8 13. h3 Bxf3 14. Bxf3 Bb4 15. a3 Be7 16. O-O Nd7 17. Ne2 Qb6 18. Kg2 O-O-O 19. c4 Kb8 20. b4 Qc7 21. c5 Rdg8 22. h4 f6 23. Kh2 Bd8 24. b5 g5 25. Rab1 Ka8 26. bxc6 bxc6 27. Rb3 gxh4 28. Rfb1 Be7 29. gxh4 fxe5 30. fxe5 Bxh4 31. Nf4 Nxe5 32. dxe5 Bxf2 33. Rb7 Bg3+ 34. Kh1 Qd8 35. Ng2 Bxe5 36. Qb4 Qb8 37. Rxb8+ Rxb8 38. Qe1 Rxb1 39. Qxb1 Rb8 40. Qd1 Rb2 41. Qa4 Kb7 42. Ne1 Bd4 43. Bg2 Rb1 44. Kh2 Bxc5 45. Nd3 Bd6+ 46. Kh3 Ne3 47. Qd4 Nc4 48. Nc5+ Bxc5 49. Qxc5 Rb3+ 50. Kh4 Rxa3 51. Qe7+ Kb6 52. Qxe6 Re3 53. Qc8 a5 54. Qb8+ Kc5 55. Qa7+ Kb4 56. Qb7+ Kc5 57. Qa7+ Kb5 58. Qb7+ Kc5 59. Qa6 Rb3 60. Bf1 Rb6 61. Qa7 Kb5 62. Kxh5 a4 63. Kg5 Ra6 64. Qb7+ Rb6 65. Qe7 Ra6 66. Qa3 Kb6 67. Bxc4 dxc4 68. Kf4 Ra5 69. Ke4 Rd5 70. Qb4+ Kc7 71. Qxa4 Kb7 72. Qb4+ Kc7 73. Qb2 Ra5 74. Qg7+ Kc8 75. Kd4 Rd5+ 76. Kxc4 Kb8 77. Qe7 Kc8 78. Qa7 Rb5 79. Qa6+ Kc7 80. Qa8 Kd7 81. Qf8 Rd5 82. Qa3 Rb5 83. Qh3+ Kc7 84. Qg3+ Kd7 85. Qg7+ Kc8 86. Qf6 Kd7 87. Qf7+ Kd6 88. Qa7 Rd5 89. Qb6 Kd7 90. Qb7+ Kd6 91. Qc8 Rc5+ 92. Kb4 Rb5+ 93. Ka4 Kd5 94. Qd7+ Kc5 95. Qd8 Kc4 96. Qd6 Rc5 97. Qd7 Kc3 98. Qd1 Rc4+ 99. Ka3 Rc5 100. Qd8 Kc4 101. Ka4 Rb5 102. Qd6 Rc5 103. Qd7 Kc3 104. Qg7+ Kc4 105. Qf7+ Kc3 106. Qf6+ Kd3 107. Qd8+ Kc3 108. Qe7 Kd4 109. Qe6 Kd3 110. Qf6 Rc3 111. Kb4 c5+ 112. Ka4 Kc2 113. Qf2+ Kb1 114. Qd2 Rc2 115. Qe3 c4 116. Kb4 Rc1 117. Ka4 Rc2 118. Kb4 Rc1 119. Qa3 Rc2 120. Qf3 Kb2 121. Q 4 Rc1 122. Qf5 Rc2 123. Ka4 Rc1 124. Qe5+ Ka2 125. Qe2+ Kb1 126. Kb4 Rc2 127. Qe5 Rc1 128. Qb5 Kb2 129. Qa4 Ra1 130. Qc6 Rc1 131. Qf3 Rc2 132. Qf5 Rc1 133. Kc5 Rc2 134. Kd4 Kb3 135. Ke3 Kb2 136. Qb5+ Ka2 137. Qb4 Ka1 138. Qa3+ Kb1 139. Kf3 Rb2 140. Ke4 Re2+ 141. Kd4 Rc2 142. Kc5 Rc1 143. Kb5 Rc2 144. Kb4 Rc1 145. Qf3 Kb2 146. Qf6+ Ka2 147. Qe5 Rc2 148. Qd4 Rc1 149. Qd2+ Kb1 150. Ka3 Rc3+ 1/2-1/2

[Event "URS Cup"]
[Site "Tbilisi"]
[Date "1974.??.??"]
[Round "?"]
[White "Lukin, Andrei M"]
[Black "Tseshkovsky, Vitaly"]
[Result "0-1"]
[WhiteElo "2440"]
[BlackElo "2545"]
[PlyCount "52"]
[EventDate "1974.??.??"]
[Source "ChessBase"]

1. e4 c6 2. d4 d5 3. Nc3 g6 4. Nf3 Bg7 5. h3 Nf6 6. e5 Ne4 7. Bd3 Nxc3 8. bxc3 c5 9. dxc5 O-O 10. O-O Qa5 11. Be3 Qxc3 12. Bd4 Qa5 13. c3 Nd7 14. Rb1 Qc7 15. e6 fxe6 16. Ng5 Nxc5 17. Nxh7 Nxd3 18. Nxf8 Nf4 19. Bxg7 Kxg7 20. g3 Nxh3+ 21. Kg2 e5 22. Nxg6 Kxg6 23. Rb4 e4 24. Qxd5 Bf5 25. Rxb7 Qxc3 26. Rxe7 Nf4+ 0-1

[Event "CSR-ch"]
[Site "Brno"]
[Date "1975.??.??"]
[Round "12"]
[White "Jansa, Vlastimil"]
[Black "Spiridonov, Nikola"]
[Result "1/2-1/2"]
[WhiteElo "2540"]
[BlackElo "2440"]
[PlyCount "25"]
[EventDate "1975.??.??"]
[Source "ChessBase"]

1. e4 c6 2. d4 d5 3. Nc3 g6 4. Nf3 Bg7 5. h3 Nf6 6. e5 Ne4 7. Bd3 Nxc3 8. bxc3 c5 9. dxc5 Nc6 10. O-O O-O 11. Bf4 Qa5 12. Qd2 Qxc5 13. Rab1 1/2-1/2

[Event "Camp. bielorusso 2008"]
[Site "Minsk BLR"]
[Date "2008.01.10"]
[Round "1"]
[White "Zhigalko, Andrey"]
[Black "Lomako, Pavel"]
[Result "1/2-1/2"]
[WhiteElo "2556"]
[BlackElo "2413"]
[PlyCount "98"]
[EventDate "2008.01.10"]
[Source "www.chesslib.no"]
[SourceDate "2004.05.04"]

1. e4 c6 2. d4 d5 3. Nc3 g6 4. h3 dxe4 5. Nxe4 Bg7 6. Nf3 Nf6 7. Nxf6+ exf6 8. Bc4 Qe7+ 9. Qe2 Qxe2+ 10. Bxe2 Be6 11. Be3 Nd7 12. c4 Nb6 13. b3 Nc8 14. O-O Ne7 15. Rfd1 h5 16. Rd2 O-O 17. Rad1 Rfd8 18. d5 cxd5 19. Bc5 Re8 20. cxd5 Bxd5 21. Bb5 Bc6 22. Nd4 a6 23. Nxc6 Nxc6 24. Bxc6 bxc6 25. Rd7 Bf8 26. Be3 a5 27. Rc1 c5 28. Rc4 a4 29. bxa4 Ra6 30. Bd2 Rb8 31. g4 hxg4 32. hxg4 Rb2 33. a3 Ra2 34. Rd3 Rd6 35. Rxd6 Bxd6 36. Bc1 Bc7 37. Be3 Rxa3 38. Rxc5 Be5 39. a5 Kg7 40. Kg2 Ra4 41. Kf3 Bd4 42. Bxd4 Rxd4 43. a6 Ra4 44. Rc6 Kh6 45. Rxf6 Kg5 46. Rb6 Ra3+ 47. Ke4 Kxg4 48. Kd5 Ra2 49. Rf6 Kg5 1/2-1/2

[Event "Budapest FS04 GM"]
[Site "Budapest"]
[Date "1999.04.03"]
[Round "1"]
[White "Zontakh, Andrey"]
[Black "Schebler, Gerhard"]
[Result "1-0"]
[WhiteElo "2530"]
[BlackElo "2439"]
[PlyCount "45"]
[EventDate "1999.04.03"]
[Source "ChessBase"]
[SourceDate "1999.05.10"]

1. e4 c6 2. d4 d5 3. Nc3 g6 4. Nf3 Bg4 5. h3 Bxf3 6. Qxf3 dxe4 7. Nxe4 Qxd4 8. Bd2 Nf6 9. Nxf6+ Qxf6 10. Qxf6 exf6 11. O-O-O Nd7 12. Bc4 Ne5 13. Bb3 g5 14. g3 Bh6 15. h4 Nf3 16. Be3 Bg7 17. h5 h6 18. Bc4 Ne5 19. Be2 Nd7 20. Rhe1 a6 21. Bg4 Ne5 22. Bc5 Bf8 23. Bd7+ 1-0

[Event "URS-chT"]
[Site "Riga"]
[Date "1975.??.??"]
[Round "?"]
[White "Mukhin, Mikhail A"]
[Black "Gurgenidze, Bukhuti"]
[Result "0-1"]
[WhiteElo "2465"]
[BlackElo "2495"]
[PlyCount "105"]
[EventDate "1975.??.??"]
[Source "ChessBase"]

1. e4 c6 2. d4 d5 3. Nc3 g6 4. Bf4 Nf6 5. e5 Nh5 6. Be3 Ng7 7. Qd2 Nd7 8. f4 Nb6 9. b3 h5 10. Nf3 Bg4 11. Be2 e6 12. O-O Nc8 13. Na4 Ne7 14. c4 Nef5 15. Bf2 h4 16. Rfe1 Be7 17. Rab1 Nh6 18. c5 Nh5 19. Be3 Nf5 20. Bf2 Nh6 21. Be3 Bf5 22. Rb2 Ng4 23. Qc1 Nxe3 24. Qxe3 Kf8 25. Nc3 Kg8 26. Bd1 Qf8 27. b4 Qh6 28. Ne2 b6 29. Bc2 Bg4 30. Bd3 Kg7 31. Reb1 a5 32. cxb6 axb4 33. Rc2 Rhb8 34. Rxc6 Rxa2 35. Bc2 Ra3 36. Rb3 Ra1+ 37. Kf2 Ra6 38. Rc7 Bd8 39. Rd7 Bxf3 40. Qxf3 Raxb6 41. g4 hxg3+ 42. hxg3 Ra6 43. Rb1 Rc8 44. Bb3 Ra3 45. Kg2 Bb6 46. Qg4 Rc6 47. Rb7 Qh8 48. Bxd5 Rxg3+ 49. Nxg3 Rc2+ 50. Kf1 Nxg3+ 51. Qxg3 exd5 52. Qf3 Rh2 53. Rxb6 0-1

[Event "USA-op"]
[Site "Chicago, IL USA"]
[Date "1994.??.??"]
[Round "?"]
[White "Brooks, Michael A"]
[Black "Orlov, Georgy"]
[Result "0-1"]
[WhiteElo "2440"]
[BlackElo "2515"]
[PlyCount "144"]
[EventDate "1994.08.??"]
[Source "www.chesslib.no"]
[SourceDate "2004.05.04"]

1. e4 c6 2. d4 d5 3. Nc3 g6 4. Nf3 Bg7 5. h3 dxe4 6. Nxe4 Nf6 7. Nxf6+ Bxf6 8. c3 Nd7 9. Bc4 Nb6 10. Bb3 a5 11. a4 O-O 12. O-O Qc7 13. Re1 Nd5 14. Bh6 Rd8 15. Bg5 Be6 16. Qd2 c5 17. c4 Bxg5 18. Qxg5 Nf6 19. d5 Bc8 20. Re3 Kg7 21. Ne5 Ra6 22. Rae1 Ng8 23. Nd3 Rf6 24. Bd1 h6 25. Qe5 Qxe5 26. Rxe5 b6 27. R5e3 e6 28. dxe6 Rxe6 29. Ne5 Red6 30. Bf3 Be6 31. Nc6 R8d7 32. b3 Rc7 33. Ne5 Ne7 34. g4 Rc8 35. Bg2 g5 36. Re4 Rcd8 37. f4 gxf4 38. Rxf4 Rd1 39. Rfe4 Rxe1+ 40. Rxe1 Rd2 41. Re3 h5 42. Kh2 hxg4 43. hxg4 Ng6 44. Nxg6 Kxg6 45. Kg3 Bxg4 46. Bd5 f5 47. Kf4 Rf2+ 48. Ke5 f4 49. Re1 Kg5 50. Rg1 f3 51. Kd6 Kf4 52. Kc6 Rb2 53. Bxf3 Bxf3+ 54. Kxb6 Rxb3+ 55. Kxc5 Rb4 56. Re1 Rxa4 57. Kb5 Ra2 58. c5 a4 59. c6 a3 60. c7 Rc2 61. Kb4 Rxc7 62. Kxa3 Rb7 63. Re8 Be4 64. Re6 Ke3 65. Rd6 Bd3 66. Rd8 Bc4 67. Ka4 Ke4 68. Rh8 Kd4 69. Rh4+ Kc5 70. Ka3 Rb3+ 71. Ka4 Rg3 72. Rh5+ Bd5 0-1

[Event "Buenos Aires m"]
[Site "Buenos Aires ARG"]
[Date "1975.??.??"]
[Round "?"]
[White "Cuasnicu, Oscar"]
[Black "Panno, Oscar R"]
[Result "1/2-1/2"]
[WhiteElo "2410"]
[BlackElo "2545"]
[PlyCount "33"]
[EventDate "1975.??.??"]
[Source "www.chesslib.no"]
[SourceDate "2004.05.04"]

1. e4 c6 2. d4 d5 3. Nc3 g6 4. e5 h5 5. Bd3 Nh6 6. Nf3 Bf5 7. Bxh6 Bxh6 8. Bxf5 gxf5 9. e6 fxe6 10. O-O Qd6 11. Re1 Nd7 12. Qe2 Bg7 13. Qxe6 Qxe6 14. Rxe6 Bf6 15. Ne2 Nf8 16. Re3 Ng6 17. Nc1 1/2-1/2

[Event "FRA-ch"]
[Site "Meribel"]
[Date "1998.08.27"]
[Round "14"]
[White "Relange, Eloi"]
[Black "Prie, Eric"]
[Result "0-1"]
[WhiteElo "2490"]
[BlackElo "2465"]
[PlyCount "124"]
[EventDate "1998.08.14"]
[Source "ChessBase"]
[SourceDate "1998.11.30"]

1. e4 c6 2. d4 d5 3. Nc3 g6 4. h3 Bg7 5. Nf3 Nf6 6. exd5 cxd5 7. Bd3 O-O 8. Ne2 Nc6 9. c3 Qb6 10. O-O Bd7 11. Ne5 Rfd8 12. Nxd7 Rxd7 13. Qb3 Qd8 14. Re1 a6 15. Nf4 Rc8 16. Qd1 e6 17. Re3 Rdc7 18. Bd2 Na5 19. b3 Nc6 20. Qf3 Nd7 21. Rae1 Nf8 22. Bb1 Ne7 23. g4 Nc6 24. Qg3 Qd6 25. h4 Na7 26. g5 Nb5 27. Ne2 Qxg3+ 28. fxg3 Nd7 29. a4 Nd6 30. Nf4 b5 31. axb5 axb5 32. Ne2 b4 33. cxb4 Nb5 34. Rd3 Nb8 35. Bf4 Rc6 36. h5 Na6 37. h6 Bf8 38. Be5 Nxb4 39. Rf3 Nc3 40. Nf4 Nxb1 41. Rxb1 Be7 42. Bf6 Bd6 43. Rbf1 Rc1 44. Kg2 Bxf4 45. Rxf4 Nd3 46. R4f3 Ne1+ 47. Rxe1 Rxe1 48. b4 Ra1 49. Be7 Rc7 50. Bc5 Rb7 51. Rb3 f6 52. gxf6 Kf7 53. Rf3 Rb1 54. Kh3 Rh1+ 55. Kg4 Rxh6 56. Bd6 Rh1 57. Be5 Rxb4 58. Rc3 Rb7 59. Rc8 Rh5 60. Rh8 Rb4 61. Kf4 Rf5+ 62. Ke3 Rxe5+ 0-1

[Event "Cuxhaven Open"]
[Site "Cuxhaven"]
[Date "1993.??.??"]
[Round "3"]
[White "Glek, Igor V"]
[Black "Schwarz, Michael"]
[Result "1/2-1/2"]
[WhiteElo "2545"]
[BlackElo "2405"]
[PlyCount "70"]
[EventDate "1993.03.??"]
[Source "www.chesslib.no"]
[SourceDate "2004.05.04"]

1. e4 c6 2. d4 d5 3. Nc3 g6 4. h3 Bg7 5. Nf3 Nh6 6. Bf4 dxe4 7. Nxe4 O-O 8. c3 Nd7 9. Bd3 Nb6 10. Ng3 Nd5 11. Bd2 Nf5 12. Nxf5 Bxf5 13. Bxf5 gxf5 14. g4 Qd7 15. Nh4 Qe6+ 16. Qe2 fxg4 17. hxg4 Bh6 18. Bxh6 Qxh6 19. Qf3 Qf4 20. Qd3 Nf6 21. Nf3 Rad8 22. Rh4 Qe4+ 23. Qxe4 Nxe4 24. O-O-O Nxf2 25. Rd2 Ne4 26. Rdh2 f6 27. Rxh7 Rd7 28. R2h5 Ng3 29. R5h6 Ne4 30. Rh5 Ng3 31. Rh8+ Kf7 32. R5h7+ Ke8 33. g5 Rxh8 34. Rxh8+ Kf7 35. gxf6 exf6 1/2-1/2

[Event "GRE-ch"]
[Site "GRE"]
[Date "1994.??.??"]
[Round "2"]
[White "Kotronias, Vasilios"]
[Black "Kourkounakis, Ilias"]
[Result "1-0"]
[WhiteElo "2545"]
[BlackElo "2405"]
[PlyCount "91"]
[EventDate "1994.??.??"]
[Source "ChessBase"]

1. e4 c6 2. d4 d5 3. Nc3 g6 4. Nf3 Bg7 5. h3 Nh6 6. Bd3 O-O 7. O-O dxe4 8. Nxe4 Nf5 9. c3 Nd7 10. Bg5 Nf6 11. Nxf6+ exf6 12. Bf4 Bd7 13. Qc2 Re8 14. Rfe1 Bf8 15. Rad1 Ng7 16. Nh2 Nh5 17. Bc1 Bd6 18. Ng4 Nf4 19. Bc4 Bxg4 20. hxg4 Qd7 21. f3 b5 22. Bb3 Nd5 23. Bxd5 cxd5 24. Be3 Bc7 25. Bf2 Qd6 26. g3 Qd7 27. Kg2 Rxe1 28. Rxe1 Re8 29. Ra1 Qc6 30. a4 b4 31. Rc1 Bd6 32. cxb4 Qxc2 33. Rxc2 Bxb4 34. Kf1 Kg7 35. Rc7 a5 36. f4 h6 37. Rd7 Rc8 38. Rxd5 Rc2 39. Rd8 Rxb2 40. d5 Ra2 41. d6 Rxa4 42. Bd4 g5 43. Ke2 gxf4 44. gxf4 Bd2 45. Kd3 Bxf4 46. d7 1-0